Normal view
MARC view
- Carr, Philippa,
Entry Personal Name
001 - CONTROL NUMBER
- control field: 8220
003 - CONTROL NUMBER IDENTIFIER
- control field: NUST
005 - DATE AND TIME OF LATEST TRANSACTION
- control field: 20180111095407.0
008 - FIXED-LENGTH DATA ELEMENTS
- fixed length control field: 180111|| aca||aabn | a|a d
040 ## - CATALOGING SOURCE
- Original cataloging agency: NUST
- Transcribing agency: NUST
100 ## - HEADING--PERSONAL NAME
- Personal name: Carr, Philippa,
- Dates associated with a name: 1906-1993.
670 ## - SOURCE DATA FOUND
- Source citation: Work cat.: (NUST)0: Carr, Philippa, 1906-1993., The love-child /, 1978.
